[Event "SLO-chT1 East 29th"]
[Site "Slovenia"]
[Date "2019.10.18"]
[Round "7.2"]
[White "Skuhala, Luka"]
[Black "Tisaj, Domen"]
[Result "0-1"]
[WhiteElo "2139"]
[BlackElo "2296"]
[PlyCount "150"]
[EventDate "2019.09.06"]
[EventType "team-tourn"]
[EventRounds "9"]
[EventCountry "SLO"]
[SourceTitle "CBM 192 Extra"]
[Source "Chessbase"]
[SourceDate "2019.11.06"]
[SourceVersion "1"]
[SourceVersionDate "2019.11.06"]
[SourceQuality "1"]
[WhiteTeam "Pomgrad Radenska II"]
[BlackTeam "Zalec"]
[WhiteTeamCountry "SLO"]
[BlackTeamCountry "SLO"]

1. e4 c6 2. d4 d5 3. exd5 cxd5 4. Nf3 Nc6 5. c3 Qc7 6. Bd3 Bg4 7. h3 Bh5 8. Na3 a6 9. Nc2 e6 10. Be3 Bd6 11. 0-0 Nf6 12. Rc1 0-0 13. Re1 Bg6 14. Bxg6 hxg6 15. Ng5 Na5 16. Rf1 Nc4 17. Rb1 Nxe3 18. Nxe3 Bh2+ 19. Kh1 Bf4 20. Nf3 Bxe3 21. fxe3 Ne4 22. Kg1 f6 23. Nd2 Nxd2 24. Qxd2 Rac8 25. Rbc1 f5 26. b3 b5 27. Rc2 g5 28. Qe2 Qg3 29. Rf3 Qh4 30. Qf2 Qe4 31. Qe2 Qh4 32. Qf2 Qe4 33. Qe2 Rc6 34. Rf1 Rfc8 35. Rfc1 g4 36. Qf2 gxh3 37. gxh3 e5 38. dxe5 Rg6+ 39. Kh2 Qxe5+ 40. Qf4 Qxf4+ 41. exf4 Rgc6 42. Kg3 Re8 43. Kf3 Rh6 44. Rh1 Rhe6 45. c4 bxc4 46. bxc4 Re3+ 47. Kf2 dxc4 48. Rxc4 Re2+ 49. Kg3 Rxa2 50. Rc3 Re6 51. Rb1 Rg6+ 52. Kf3 Rag2 53. Rc8+ Kh7 54. Ke3 R6g3+ 55. Kd4 Re2 56. Rf8 Re4+ 57. Kd5 Rd3+ 58. Kc5 Rxf4 59. Rbb8 Ra4 60. h4 Rdd4 61. Rh8+ Kg6 62. Rb6+ Kf7 63. Rb7+ Kf6 64. Rf8+ Kg6 65. h5+ Kh7 66. Rbf7 Rac4+ 67. Kb6 Rd6+ 68. Ka7 Rh6 69. Rxf5 Rh4 70. Rd8 R4xh5 71. Rff8 Rf6 72. Rh8+ Kg6 73. Rhg8 Re5 74. Ka8 Re7 75. Rd5 Rfe6 0-1

[Event "SLO-chT1 East"]
[Site "Slovenia"]
[Date "2019.09.20"]
[Round "4.1"]
[White "Krivec, Sandi"]
[Black "Skuhala, Luka"]
[Result "1/2-1/2"]
[WhiteElo "2144"]
[BlackElo "2139"]
[PlyCount "124"]
[EventDate "2019.09.06"]
[EventType "team-tourn"]
[EventRounds "9"]
[EventCountry "SLO"]
[SourceTitle "EXT 2020"]
[Source "ChessBase"]
[SourceDate "2019.10.17"]
[SourceVersion "1"]
[SourceVersionDate "2019.10.17"]
[SourceQuality "1"]
[WhiteTeam "Slovenj Gradec"]
[BlackTeam "Pomgrad Radenska II"]
[WhiteTeamCountry "SLO"]
[BlackTeamCountry "SLO"]

1. d4 Nf6 2. Nf3 e6 3. Bg5 d5 4. e3 c5 5. c3 Nc6 6. Bd3 Bd6 7. 0-0 h6 8. Bh4 0-0 9. Nbd2 e5 10. dxe5 Nxe5 11. Nxe5 Bxe5 12. f4 Bd6 13. e4 dxe4 14. Bxf6 gxf6 15. Nxe4 f5 16. Ng3 Qf6 17. Bxf5 Bxf5 18. Nxf5 Qxf5 19. Qxd6 Kh7 20. Rae1 Rad8 21. Qe7 Rg8 22. g3 Rd2 23. Rf2 Rxf2 24. Kxf2 Qh3 25. Qxb7 Qxh2+ 26. Qg2 Qh5 27. Re5 Qd1 28. Qd5 Qc2+ 29. Re2 Qg6 30. Qe4 f5 31. Qf3 Rg7 32. b3 h5 33. Re1 a5 34. Qd3 Kh6 35. c4 Rg8 36. Qe3 Kh7 37. Qd3 Kh6 38. Qe3 Kh7 39. Qf3 Rg7 40. Re3 Rd7 41. Rd3 Rxd3 42. Qxd3 Qf6 43. Qd2 h4 44. gxh4 Qxh4+ 45. Ke2 Qg4+ 46. Kd3 Qf3+ 47. Kc2 Qe4+ 48. Kb2 a4 49. Qd7+ Kh6 50. Qd6+ Kh5 51. Qxc5 axb3 52. axb3 Qxf4 53. Qd5 Qf2+ 54. Ka3 Kg4 55. c5 f4 56. c6 Qa7+ 57. Kb2 Qg7+ 58. Ka3 Qa7+ 59. Kb4 Qb6+ 60. Ka3 Qa7+ 61. Kb2 Qg7+ 62. Kc2 Qh7+ 1/2-1/2

[Event "SLO-chT1 East"]
[Site "Slovenia"]
[Date "2019.09.06"]
[Round "1.4"]
[White "Bender, Ivan"]
[Black "Skuhala, Luka"]
[Result "0-1"]
[WhiteElo "2212"]
[BlackElo "2139"]
[PlyCount "80"]
[EventDate "2019.09.06"]
[EventType "team-tourn"]
[EventRounds "9"]
[EventCountry "SLO"]
[SourceTitle "EXT 2020"]
[Source "ChessBase"]
[SourceDate "2019.10.17"]
[SourceVersion "1"]
[SourceVersionDate "2019.10.17"]
[SourceQuality "1"]
[WhiteTeam "Zagorje ob Savi"]
[BlackTeam "Pomgrad Radenska II"]
[WhiteTeamCountry "SLO"]
[BlackTeamCountry "SLO"]

1. d4 Nf6 2. c4 e6 3. Nf3 d5 4. Nc3 Bb4 5. Qa4+ Nc6 6. e3 0-0 7. Qc2 Re8 8. cxd5 exd5 9. Be2 Bg4 10. 0-0 Qd7 11. a3 Bd6 12. b4 Nd8 13. b5 c6 14. bxc6 Nxc6 15. Bb2 Rac8 16. Rfc1 a6 17. Qd1 b5 18. Nd2 Bxe2 19. Nxe2 Na5 20. Bc3 Nc4 21. Bb4 Bxb4 22. axb4 Rc6 23. Nxc4 dxc4 24. Nc3 Nd5 25. Nxd5 Qxd5 26. Qf3 Qd6 27. d5 Rb6 28. Rab1 Re5 29. e4 f5 30. exf5 Qxd5 31. Qxd5+ Rxd5 32. g4 Rd4 33. h3 h5 34. f3 Rd2 35. Re1 Rbd6 36. Re8+ Kf7 37. Ra8 c3 38. Rc8 c2 39. Rf1 Re2 40. g5 Rdd2 0-1

[Event "Medimurska CupT"]
[Site "Croatia"]
[Date "2019.03.17"]
[Round "6.5"]
[White "Skuhala, Luka"]
[Black "Kovacic, Zlatko"]
[Result "1-0"]
[WhiteElo "2119"]
[BlackElo "2004"]
[PlyCount "69"]
[EventDate "2019.02.10"]
[EventType "team-swiss"]
[EventRounds "6"]
[EventCountry "CRO"]
[SourceTitle "EXT 2020"]
[Source "ChessBase"]
[SourceDate "2019.10.17"]
[SourceVersion "1"]
[SourceVersionDate "2019.10.17"]
[SourceQuality "1"]

1. e4 c5 2. Nf3 e6 3. Nc3 Nc6 4. d4 cxd4 5. Nxd4 a6 6. g3 Be7 7. Bg2 Qc7 8. 0-0 Nf6 9. Be3 d6 10. h3 0-0 11. Nxc6 bxc6 12. f4 Rb8 13. b3 d5 14. e5 Nd7 15. Ne2 c5 16. c3 f6 17. exf6 Bxf6 18. f5 exf5 19. Qxd5+ Kh8 20. Qxf5 Ne5 21. Qc2 Bb7 22. Nf4 Bxg2 23. Qxg2 Qa5 24. Nd5 Nd7 25. Rac1 Be5 26. Bf4 Rfe8 27. Kh2 Rbd8 28. c4 Nb6 29. Bd2 Qxa2 30. Rb1 Nxd5 31. cxd5 c4 32. Bg5 Qxg2+ 33. Kxg2 cxb3 34. Bxd8 Rxd8 35. Rxb3 1-0

[Event "PRO League Stage"]
[Site "Chess.com INT"]
[Date "2019.02.20"]
[Round "7"]
[White "Chukavin, Kirill"]
[Black "Skuhala, Luka"]
[Result "1-0"]
[WhiteElo "2307"]
[BlackElo "2119"]
[PlyCount "79"]
[EventDate "2019.01.08"]
[EventType "team-swiss (rapid)"]
[EventRounds "10"]
[EventCountry "USA"]
[SourceTitle "CBM 189 Extra"]
[Source "ChessBase"]
[SourceDate "2019.06.03"]
[SourceVersion "1"]
[SourceVersionDate "2019.06.03"]
[SourceQuality "1"]
[WhiteTeam "Estonia Horses"]
[BlackTeam "Ljubljana Turtles"]
[WhiteTeamCountry "EST"]
[BlackTeamCountry "SLO"]

1. e4 c5 2. Nf3 d6 3. d4 cxd4 4. Nxd4 Nf6 5. Nc3 a6 6. h3 e5 7. Nde2 Be6 8. g4 Nc6 9. Bg2 Be7 10. a4 0-0 11. 0-0 Nb4 12. Nd5 Nbxd5 13. exd5 Bd7 14. a5 b6 15. axb6 Qxb6 16. b3 Rfb8 17. Be3 Qb4 18. f4 exf4 19. Rxf4 Qb7 20. Ng3 a5 21. Qd2 h6 22. Rxa5 Rxa5 23. Qxa5 Ra8 24. Qb4 Ra1+ 25. Kh2 Qa8 26. Bd4 Ra2 27. Bxf6 Bxf6 28. Rxf6 gxf6 29. Qxd6 Qc8 30. c4 Bxg4 31. hxg4 Qxg4 32. Qxf6 h5 33. Qf5 Qh4+ 34. Qh3 Qf4 35. Qxh5 Qf2 36. Qg5+ Kh8 37. Ne4 Qb2 38. Qh6+ Kg8 39. Nf6+ Qxf6 40. Qxf6 1-0

[Event "PRO League Stage"]
[Site "Chess.com INT"]
[Date "2019.02.20"]
[Round "7"]
[White "Hoolt, Sarah"]
[Black "Skuhala, Luka"]
[Result "1/2-1/2"]
[WhiteElo "2358"]
[BlackElo "2119"]
[PlyCount "106"]
[EventDate "2019.01.08"]
[EventType "team-swiss (rapid)"]
[EventRounds "10"]
[EventCountry "USA"]
[SourceTitle "CBM 189 Extra"]
[Source "ChessBase"]
[SourceDate "2019.06.03"]
[SourceVersion "1"]
[SourceVersionDate "2019.06.03"]
[SourceQuality "1"]
[WhiteTeam "Berlin Bears"]
[BlackTeam "Ljubljana Turtles"]
[WhiteTeamCountry "GER"]
[BlackTeamCountry "SLO"]

1. e4 c5 2. d3 Nc6 3. g3 a6 4. Bg2 b5 5. f4 Bb7 6. Nf3 e6 7. Be3 Nf6 8. h3 Qc7 9. Nbd2 Be7 10. c3 d5 11. e5 d4 12. cxd4 cxd4 13. Bf2 Nd5 14. Rc1 Ne3 15. Bxe3 dxe3 16. Ne4 Qa5+ 17. Ke2 Rd8 18. a3 Qb6 19. b4 0-0 20. Nc5 Nd4+ 21. Kxe3 Nf5+ 22. Kf2 Rc8 23. d4 Rfd8 24. Nxb7 Qxb7 25. Rxc8 Qxc8 26. Qd2 Qd7 27. Rd1 a5 28. g4 Nh4 29. Nxh4 Bxh4+ 30. Kg1 axb4 31. axb4 Be7 32. Kh1 g6 33. d5 exd5 34. Qxd5 Qxd5 35. Rxd5 Rxd5 36. Bxd5 Bxb4 37. Bc6 Bd2 38. f5 gxf5 39. gxf5 b4 40. Bd5 Bc3 41. e6 fxe6 42. fxe6 Kf8 43. Kg2 Ke7 44. Bb3 Be5 45. Kf3 Bf6 46. Kf4 h5 47. Kf5 h4 48. Ke4 Bg5 49. Kd5 Bf6 50. Kc5 Bc3 51. Kc6 Bd4 52. Kd5 Bc3 53. Ke4 Bf6 1/2-1/2

[Event "SLO-chT U20"]
[Site "Nova Gorica"]
[Date "2018.06.30"]
[Round "6.3"]
[White "Skuhala, Luka"]
[Black "Pozun, Matej"]
[Result "1-0"]
[WhiteElo "2108"]
[BlackElo "2047"]
[PlyCount "83"]
[EventDate "2018.06.27"]
[EventType "team-tourn"]
[EventRounds "7"]
[EventCountry "SLO"]
[SourceTitle "EXT 2020"]
[Source "ChessBase"]
[SourceDate "2019.10.17"]
[SourceVersion "1"]
[SourceVersionDate "2019.10.17"]
[SourceQuality "1"]
[WhiteTeam "Radenska Pomgrad U20"]
[BlackTeam "Krsko Triglav U20"]
[WhiteTeamCountry "SLO"]
[BlackTeamCountry "SLO"]

1. e4 e5 2. Nf3 Nc6 3. Bc4 Nf6 4. d3 Be7 5. 0-0 0-0 6. Re1 d6 7. c3 Na5 8. Bb5 a6 9. Ba4 b5 10. Bc2 c5 11. Nbd2 Re8 12. Nf1 Nc6 13. Ng3 h6 14. h3 Be6 15. Nh2 d5 16. exd5 Bxd5 17. Ng4 Bf8 18. Ne3 Be6 19. Qf3 Ne7 20. Ne4 Nxe4 21. dxe4 Ra7 22. Qg3 Ng6 23. Nf5 Rd7 24. h4 Qf6 25. h5 Nf4 26. Bxf4 exf4 27. Qxf4 Bxf5 28. exf5 Red8 29. Rad1 Rxd1 30. Rxd1 Rxd1+ 31. Bxd1 Bd6 32. Qf3 Qe5 33. g3 b4 34. cxb4 cxb4 35. b3 Bc5 36. Kg2 a5 37. Be2 Qc3 38. Qa8+ Kh7 39. Bc4 Qd2 40. Qf3 Qc3 41. Qd5 Qd4 42. Qxf7 1-0

[Event "PRO League KO Stage"]
[Site "Chess.com INT"]
[Date "2018.04.08"]
[Round "4"]
[White "Skuhala, Luka"]
[Black "Chen, Forest"]
[Result "0-1"]
[WhiteElo "2087"]
[BlackElo "2107"]
[PlyCount "66"]
[EventDate "2018.03.13"]
[EventType "team-k.o. (rapid)"]
[EventRounds "4"]
[EventCountry "USA"]
[SourceTitle "CBM 183 Extra"]
[Source "ChessBase"]
[SourceDate "2018.04.19"]
[SourceVersion "1"]
[SourceVersionDate "2018.04.19"]
[SourceQuality "1"]
[WhiteTeam "Ljubljana Turtles"]
[BlackTeam "Saint Louis Arch Bishops"]
[WhiteTeamCountry "SLO"]
[BlackTeamCountry "USA"]

1. e4 c6 2. d4 d5 3. f3 dxe4 4. fxe4 e5 5. Nf3 Bg4 6. Bc4 Nd7 7. 0-0 Ngf6 8. c3 b5 9. Bb3 Bd6 10. Qe1 0-0 11. Bg5 Qb6 12. Qg3 exd4 13. Qxd6 dxc3+ 14. Kh1 cxb2 15. Nbd2 bxa1Q 16. Rxa1 c5 17. Qg3 Bxf3 18. gxf3 c4 19. Bc2 Qe6 20. Rg1 Ne8 21. f4 f6 22. Bh6 Qe7 23. e5 fxe5 24. Be4 Rc8 25. Bd5+ Kh8 26. Bg5 Qd6 27. Be4 Nef6 28. Bxf6 Qxf6 29. Qh3 h6 30. Qxd7 Rcd8 31. fxe5 Qxe5 32. Qg4 Rxd2 33. Bg2 c3 0-1

[Event "PRO League KO Stage"]
[Site "Chess.com INT"]
[Date "2018.04.08"]
[Round "4"]
[White "Swiercz, Dariusz"]
[Black "Skuhala, Luka"]
[Result "1-0"]
[WhiteElo "2654"]
[BlackElo "2087"]
[PlyCount "103"]
[EventDate "2018.03.13"]
[EventType "team-k.o. (rapid)"]
[EventRounds "4"]
[EventCountry "USA"]
[SourceTitle "CBM 183 Extra"]
[Source "ChessBase"]
[SourceDate "2018.04.19"]
[SourceVersion "1"]
[SourceVersionDate "2018.04.19"]
[SourceQuality "1"]
[WhiteTeam "Saint Louis Arch Bishops"]
[BlackTeam "Ljubljana Turtles"]
[WhiteTeamCountry "USA"]
[BlackTeamCountry "SLO"]

1. Nf3 Nf6 2. c4 e6 3. g3 d5 4. d4 Be7 5. Bg2 0-0 6. 0-0 dxc4 7. Qc2 a6 8. a4 Bd7 9. Qxc4 Bc6 10. Bg5 Bd5 11. Qc2 Be4 12. Qd1 Nc6 13. Nbd2 Bg6 14. e3 h6 15. Bxf6 Bxf6 16. Qb3 Rb8 17. Rfd1 Qe7 18. Nc4 Bh5 19. Rdc1 Rfd8 20. Qc3 Bg6 21. a5 Nb4 22. Nce5 Nd5 23. Nxg6 fxg6 24. Qb3 c6 25. e4 Nc7 26. e5 Bg5 27. Rd1 h5 28. Qc2 Kh7 29. h4 Bh6 30. Rd3 Nd5 31. Qe2 Rf8 32. Nh2 Rf7 33. Bxd5 cxd5 34. f4 Rbf8 35. Nf3 Kg8 36. Rc3 Bxf4 37. gxf4 Rxf4 38. Rf1 Qb4 39. Rd3 Qxa5 40. Nh2 Rxf1+ 41. Nxf1 Qa1 42. Kg2 Qc1 43. Nd2 Qxb2 44. Kg3 Qa2 45. Qe3 Qa5 46. Nf3 Qd8 47. Ng5 Qe7 48. Qe2 b5 49. Rc3 b4 50. Rc6 Qb7 51. Qc2 b3 52. Qxg6 1-0

[Event "PRO League KO Stage"]
[Site "Chess.com INT"]
[Date "2018.04.08"]
[Round "4"]
[White "Zherebukh, Yaroslav"]
[Black "Skuhala, Luka"]
[Result "1-0"]
[WhiteElo "2633"]
[BlackElo "2087"]
[PlyCount "75"]
[EventDate "2018.03.13"]
[EventType "team-k.o. (rapid)"]
[EventRounds "4"]
[EventCountry "USA"]
[SourceTitle "CBM 183 Extra"]
[Source "ChessBase"]
[SourceDate "2018.04.19"]
[SourceVersion "1"]
[SourceVersionDate "2018.04.19"]
[SourceQuality "1"]
[WhiteTeam "Saint Louis Arch Bishops"]
[BlackTeam "Ljubljana Turtles"]
[WhiteTeamCountry "USA"]
[BlackTeamCountry "SLO"]

1. e4 c5 2. Nf3 d6 3. Be2 Nf6 4. d3 a6 5. 0-0 e6 6. Nbd2 Be7 7. Re1 0-0 8. Nf1 b5 9. Ng3 Nbd7 10. c3 Bb7 11. Bf1 Ne5 12. d4 Nxf3+ 13. Qxf3 c4 14. Qd1 Qc7 15. Bg5 d5 16. e5 Ne4 17. Bxe7 Qxe7 18. Nh5 Qg5 19. g3 Qh6 20. Bg2 Rae8 21. Nf4 g5 22. Nh5 f5 23. exf6 Nxf6 24. Nxf6+ Qxf6 25. Qd2 e5 26. dxe5 Rxe5 27. Rxe5 Qxe5 28. Re1 Qf6 29. Bxd5+ Bxd5 30. Qxd5+ Kh8 31. Qc5 h6 32. Rd1 Re8 33. Kg2 Qg7 34. Rd6 Rf8 35. Qc6 Kh7 36. Qe4+ Kh8 37. Rg6 Qh7 38. Qe5+ 1-0

[Event "PRO League KO Stage"]
[Site "Chess.com INT"]
[Date "2018.04.07"]
[Round "3"]
[White "Skuhala, Luka"]
[Black "Chu, Ruotong"]
[Result "1/2-1/2"]
[WhiteElo "2087"]
[BlackElo "2284"]
[PlyCount "93"]
[EventDate "2018.03.13"]
[EventType "team-k.o. (rapid)"]
[EventRounds "4"]
[EventCountry "USA"]
[SourceTitle "CBM 183 Extra"]
[Source "ChessBase"]
[SourceDate "2018.04.19"]
[SourceVersion "1"]
[SourceVersionDate "2018.04.19"]
[SourceQuality "1"]
[WhiteTeam "Ljubljana Turtles"]
[BlackTeam "Chengdu Pandas"]
[WhiteTeamCountry "SLO"]
[BlackTeamCountry "CHN"]

1. e4 e5 2. Nf3 Nf6 3. d4 Nxe4 4. Bd3 d5 5. Nxe5 Nd7 6. Nxd7 Bxd7 7. Nd2 Nf6 8. Nf3 Bd6 9. Bg5 0-0 10. 0-0 Bg4 11. Re1 Be7 12. c3 Re8 13. h3 Bh5 14. Re3 Nd7 15. Bxe7 Rxe7 16. Qe2 Rxe3 17. Qxe3 Qe8 18. Qf4 Bxf3 19. Qxf3 Nf6 20. Kf1 Ne4 21. Bxe4 dxe4 22. Qe2 Qc6 23. Re1 f5 24. c4 Qf6 25. d5 h6 26. Qc2 b6 27. b4 a5 28. a3 axb4 29. axb4 Qd4 30. Rd1 Ra1 31. Rxa1 Qxa1+ 32. Ke2 Qd4 33. Qa2 Kh7 34. g3 Qd3+ 35. Ke1 Qc3+ 36. Kf1 Qxb4 37. Kg2 Qc3 38. Qe2 Qd4 39. g4 fxg4 40. hxg4 b5 41. cxb5 Qxd5 42. Kh2 Kg6 43. Qc2 Qxb5 44. Qxe4+ Kf7 45. Qf4+ Kg8 46. Qxc7 Qe2 47. Qf4 1/2-1/2

[Event "PRO League KO Stage"]
[Site "Chess.com INT"]
[Date "2018.03.21"]
[Round "2"]
[White "Bacrot, Etienne"]
[Black "Skuhala, Luka"]
[Result "1-0"]
[WhiteElo "2718"]
[BlackElo "2087"]
[PlyCount "93"]
[EventDate "2018.03.13"]
[EventType "team-k.o. (rapid)"]
[EventRounds "4"]
[EventCountry "USA"]
[SourceTitle "CBM 183 Extra"]
[Source "ChessBase"]
[SourceDate "2018.04.19"]
[SourceVersion "1"]
[SourceVersionDate "2018.04.19"]
[SourceQuality "1"]
[WhiteTeam "Marseille Migraines"]
[BlackTeam "Ljubljana Turtles"]
[WhiteTeamCountry "FRA"]
[BlackTeamCountry "SLO"]

1. d4 Nf6 2. Nf3 e6 3. c4 d5 4. e3 Bb4+ 5. Nbd2 dxc4 6. Bxc4 0-0 7. 0-0 a6 8. a3 Be7 9. b4 b5 10. Bd3 Bb7 11. Bb2 Nbd7 12. Nb3 Be4 13. Rc1 Nb6 14. Na5 Bd6 15. Be2 Rb8 16. Ne5 Rc8 17. f3 Ba8 18. e4 Na4 19. Ba1 c5 20. dxc5 Bxc5+ 21. Rxc5 Nxc5 22. Qxd8 Rfxd8 23. bxc5 Rxc5 24. Bd1 Nd7 25. Nd3 Rcc8 26. Nb4 Nc5 27. Be2 h6 28. Kf2 f6 29. Ke3 e5 30. Rc1 Kf7 31. Rc2 g6 32. g4 Ke6 33. Bc3 Na4 34. Be1 Rxc2 35. Nxc2 Rc8 36. Bd3 Nc5 37. Nb4 Nb7 38. Nxa6 Nxa5 39. Bxa5 Bb7 40. Nc7+ Kd7 41. Bxb5+ Bc6 42. Bxc6+ Kxc6 43. Nd5 Rf8 44. Bb4 Rf7 45. Ne7+ Kb5 46. Nxg6 Kc4 47. Ne7 1-0

[Event "PRO League KO Stage"]
[Site "Chess.com INT"]
[Date "2018.03.21"]
[Round "2"]
[White "Skuhala, Luka"]
[Black "Gozzoli, Yannick"]
[Result "1-0"]
[WhiteElo "2087"]
[BlackElo "2576"]
[PlyCount "95"]
[EventDate "2018.03.13"]
[EventType "team-k.o. (rapid)"]
[EventRounds "4"]
[EventCountry "USA"]
[SourceTitle "CBM 183 Extra"]
[Source "ChessBase"]
[SourceDate "2018.04.19"]
[SourceVersion "1"]
[SourceVersionDate "2018.04.19"]
[SourceQuality "1"]
[WhiteTeam "Ljubljana Turtles"]
[BlackTeam "Marseille Migraines"]
[WhiteTeamCountry "SLO"]
[BlackTeamCountry "FRA"]

1. e4 e5 2. Nf3 Nc6 3. Bc4 Nf6 4. d3 Bc5 5. 0-0 0-0 6. Re1 d6 7. c3 Ne7 8. Bg5 Ng6 9. d4 exd4 10. cxd4 Bb6 11. Nc3 h6 12. Bxf6 Qxf6 13. Nd5 Qd8 14. Nxb6 axb6 15. e5 d5 16. Bb3 Be6 17. Qd3 c5 18. Bc2 c4 19. Qd2 b5 20. h3 Qa5 21. Qc1 Rae8 22. a3 Ne7 23. Nh4 Nc6 24. Qe3 Qd8 25. Nf3 Qe7 26. Rad1 Ra8 27. g4 b4 28. axb4 Qxb4 29. Qc1 f6 30. Bb1 Qe7 31. exf6 Rxf6 32. Re3 Qf7 33. Kg2 Rf8 34. Qc2 g6 35. Qe2 Bd7 36. Rf1 Rf4 37. Ne5 Nxe5 38. Rxe5 Re8 39. Qe3 Rxe5 40. Qxe5 g5 41. f3 Qe6 42. Qb8+ Rf8 43. Qxb7 Qd6 44. Rf2 Rf7 45. Qa8+ Kg7 46. Qa5 Re7 47. Qc3 Qf4 48. Qc2 1-0

[Event "PRO League KO Stage"]
[Site "Chess.com INT"]
[Date "2018.03.13"]
[Round "1"]
[White "Skuhala, Luka"]
[Black "Alekseenko, Kirill"]
[Result "0-1"]
[WhiteElo "2087"]
[BlackElo "2609"]
[PlyCount "84"]
[EventDate "2018.03.13"]
[EventType "team-k.o. (rapid)"]
[EventRounds "4"]
[EventCountry "USA"]
[SourceTitle "CBM 183 Extra"]
[Source "ChessBase"]
[SourceDate "2018.04.19"]
[SourceVersion "1"]
[SourceVersionDate "2018.04.19"]
[SourceQuality "1"]
[WhiteTeam "Ljubljana Turtles"]
[BlackTeam "Stockholm Snowballs"]
[WhiteTeamCountry "SLO"]
[BlackTeamCountry "SWE"]

1. e4 c5 2. Nf3 Nc6 3. d4 cxd4 4. Nxd4 Nf6 5. Nc3 d6 6. Bg5 e6 7. Qd2 a6 8. f4 Bd7 9. 0-0-0 b5 10. Bxf6 gxf6 11. Kb1 Qb6 12. Nxc6 Bxc6 13. f5 Qc5 14. fxe6 fxe6 15. Bd3 h5 16. Rhf1 Bh6 17. Qe2 Qe5 18. Qf2 Bg7 19. Nd5 Kf7 20. Nf4 h4 21. h3 a5 22. g4 hxg3 23. Qxg3 Bh6 24. Qg6+ Ke7 25. Nd5+ exd5 26. exd5 Rag8 27. Qf5 Qxf5 28. Bxf5 Bd7 29. Bxd7 Kxd7 30. Rxf6 Rh7 31. Rdf1 Bg5 32. Re6 Be7 33. a4 b4 34. Rf3 Rg5 35. Rd3 Rhh5 36. Rde3 Re5 37. R6xe5 Rxe5 38. Rxe5 dxe5 39. c4 bxc3 40. bxc3 Kd6 41. c4 Kc5 42. h4 Bxh4 0-1

[Event "PRO League Stage"]
[Site "Chess.com INT"]
[Date "2018.02.28"]
[Round "8"]
[White "Gunina, Valentina"]
[Black "Skuhala, Luka"]
[Result "1/2-1/2"]
[WhiteElo "2502"]
[BlackElo "2059"]
[PlyCount "122"]
[EventDate "2018.01.18"]
[EventType "team-swiss (rapid)"]
[EventRounds "9"]
[EventCountry "USA"]
[SourceTitle "EXT 2019"]
[Source "ChessBase"]
[SourceDate "2018.10.10"]
[SourceVersion "1"]
[SourceVersionDate "2018.10.10"]
[SourceQuality "1"]
[WhiteTeam "Cannes Blockbusters"]
[BlackTeam "Ljubljana Turtles"]
[WhiteTeamCountry "FRA"]
[BlackTeamCountry "SLO"]

1. e4 c5 2. Nf3 d6 3. d4 cxd4 4. Qxd4 a6 5. c4 Nc6 6. Qe3 Nf6 7. Be2 g6 8. 0-0 Bg7 9. h3 Nd7 10. Nc3 Qb6 11. Nd5 Qxe3 12. Bxe3 0-0 13. Rab1 Nc5 14. Nd2 a5 15. f3 Be6 16. Rfd1 f5 17. Bxc5 dxc5 18. Nc7 Nd4 19. Nxa8 Rxa8 20. Bd3 f4 21. Nb3 b6 22. Bf1 Nxb3 23. axb3 Bd4+ 24. Rxd4 cxd4 25. Rd1 Rd8 26. Kf2 Bf7 27. e5 Be6 28. Bd3 Bf5 29. Ke2 Kf7 30. Ra1 Ke6 31. b4 axb4 32. Ra6 Rb8 33. c5 Kxe5 34. cxb6 Bxd3+ 35. Kxd3 Kd5 36. Ra5+ Kc6 37. Kxd4 Rxb6 38. Ke4 Kd6 39. Kxf4 Rc6 40. Rb5 Rc4+ 41. Ke3 Kc6 42. Re5 Rc2 43. Rxe7 Rxb2 44. g4 b3 45. Rxh7 Re2+ 46. Kxe2 b2 47. h4 b1Q 48. Kf2 Kd6 49. Kg2 Ke6 50. Ra7 Qb2+ 51. Kh3 Qb1 52. Ra6+ Ke5 53. Ra4 Qh1+ 54. Kg3 Qg1+ 55. Kh3 Qd1 56. Re4+ Kf6 57. Kg2 Qd2+ 58. Kg3 Qd6+ 59. Kg2 Qd2+ 60. Kg3 Qd6+ 61. Kg2 Qd2+ 1/2-1/2

[Event "PRO League Stage"]
[Site "Chess.com INT"]
[Date "2018.02.28"]
[Round "8"]
[White "Lagarde, Maxime"]
[Black "Skuhala, Luka"]
[Result "1-0"]
[WhiteElo "2586"]
[BlackElo "2059"]
[PlyCount "69"]
[EventDate "2018.01.18"]
[EventType "team-swiss (rapid)"]
[EventRounds "9"]
[EventCountry "USA"]
[SourceTitle "EXT 2019"]
[Source "ChessBase"]
[SourceDate "2018.10.10"]
[SourceVersion "1"]
[SourceVersionDate "2018.10.10"]
[SourceQuality "1"]
[WhiteTeam "Cannes Blockbusters"]
[BlackTeam "Ljubljana Turtles"]
[WhiteTeamCountry "FRA"]
[BlackTeamCountry "SLO"]

1. e3 Nf6 2. Nf3 e6 3. Be2 Be7 4. 0-0 0-0 5. b3 d5 6. Bb2 c5 7. c4 Nc6 8. cxd5 Nxd5 9. Nc3 Bf6 10. Qc1 Nxc3 11. Bxc3 Bxc3 12. Qxc3 Qe7 13. Rfc1 b6 14. d4 Bb7 15. dxc5 Rfc8 16. b4 bxc5 17. bxc5 a5 18. a3 Rc7 19. Rab1 Rac8 20. Rxb7 Rxb7 21. Ba6 Rcb8 22. Bxb7 Qxb7 23. Nd4 a4 24. h3 g6 25. Qc4 Nxd4 26. exd4 Qc6 27. Rd1 Rd8 28. f3 h5 29. Rb1 Kh7 30. Rb4 Ra8 31. Qe2 Rd8 32. Qe4 Qc7 33. Rb7 Qg3 34. Rxf7+ Kg8 35. Qxe6 1-0

[Event "PRO League Stage"]
[Site "Chess.com INT"]
[Date "2018.02.24"]
[Round "7"]
[White "Lee, Megan Shuen Hui"]
[Black "Skuhala, Luka"]
[Result "0-1"]
[WhiteElo "2163"]
[BlackElo "2059"]
[PlyCount "70"]
[EventDate "2018.01.18"]
[EventType "team-swiss (rapid)"]
[EventRounds "9"]
[EventCountry "USA"]
[SourceTitle "EXT 2019"]
[Source "ChessBase"]
[SourceDate "2018.10.10"]
[SourceVersion "1"]
[SourceVersionDate "2018.10.10"]
[SourceQuality "1"]
[WhiteTeam "Seattle Sluggers"]
[BlackTeam "Ljubljana Turtles"]
[WhiteTeamCountry "USA"]
[BlackTeamCountry "SLO"]

1. e4 c5 2. Nc3 a6 3. Nf3 d6 4. d4 cxd4 5. Nxd4 Nf6 6. Bg5 e6 7. Qd2 Be7 8. 0-0-0 h6 9. Be3 Ng4 10. Bc4 Nxe3 11. Qxe3 Nc6 12. Nxc6 bxc6 13. f4 d5 14. exd5 cxd5 15. Rhe1 Qc7 16. Bxd5 Rb8 17. Bb3 0-0 18. g3 Bc5 19. Qe5 Qa7 20. Ne4 Be7 21. g4 a5 22. f5 a4 23. Bc4 Ba6 24. Bxa6 Qxa6 25. f6 gxf6 26. Nxf6+ Bxf6 27. Qxf6 Qb5 28. h4 Rfc8 29. g5 Qc4 30. Rd2 Qxa2 31. Kd1 Qxb2 32. Qe7 Qb1+ 33. Ke2 Qb5+ 34. Kd1 Qc4 35. Kc1 Qc3 0-1